Miasta Świata w języku hiszpańskim - Statystyki

Ogólne statystyki
  • Ten quiz został rozwiązany 16 razy
  • Średni wynik to 10 z 20
Statystyki odpowiedzi
Hiszpański Polski % Poprawnych
Alejandría Aleksandria
100%
La Habana Hawana
82%
Londres Londyn
82%
Marsella Marsylia
82%
Varsovia Warszawa
82%
Breslavia Wrocław
82%
Génova Genua
73%
Moscú Moskwa
73%
Núremberg Norymberga
73%
Estocolmo Sztokholm
64%
Ekaterimburgo Jekaterynburg
45%
Conakri Konakry
36%
Lausana Lozanna
36%
Windhoek Windhuk
36%
Nuakchot Nawakszut
27%
Leópolis Lwów
18%
Puerto Príncipe Port-au-Prince
18%
Argel Algier
9%
Gujranwala Gudźranwala
9%
Ciudad del Cabo Kapsztad
9%
Nie znaleziono quizów pasujących do podanych kryteriów
Rozkład punktacji
Procent ludzi z każdym wynikiem
Percentyl według liczby udzielonych odpowiedzi
Twoja historia wyników
Nie rozwiązałeś tego quizu